<?xml version="1.0" encoding="UTF-8"?><marc:collection xmlns:marc="http://www.loc.gov/MARC21/slim">
  <marc:record>
    <marc:leader>00000nam##2200000za#4500</marc:leader>
    <marc:controlfield tag="001">9.662943</marc:controlfield>
    <marc:controlfield tag="003">CaOODSP</marc:controlfield>
    <marc:controlfield tag="005">20220901140034</marc:controlfield>
    <marc:controlfield tag="007">ta</marc:controlfield>
    <marc:controlfield tag="008">150407|2001||||xxc|||||     f|0| 0 eng|d</marc:controlfield>
    <marc:datafield tag="040" ind1=" " ind2=" ">
      <marc:subfield code="a">CaOODSP</marc:subfield>
      <marc:subfield code="b">eng</marc:subfield>
    </marc:datafield>
    <marc:datafield tag="041" ind1=" " ind2=" ">
      <marc:subfield code="a">eng</marc:subfield>
    </marc:datafield>
    <marc:datafield tag="041" ind1=" " ind2=" ">
      <marc:subfield code="a">fre</marc:subfield>
    </marc:datafield>
    <marc:datafield tag="043" ind1=" " ind2=" ">
      <marc:subfield code="a">n-cn---</marc:subfield>
    </marc:datafield>
    <marc:datafield tag="086" ind1="1" ind2=" ">
      <marc:subfield code="a">J2-176/2001</marc:subfield>
    </marc:datafield>
    <marc:datafield tag="110" ind1="1" ind2=" ">
      <marc:subfield code="a">Canada.</marc:subfield>
      <marc:subfield code="b">Justice Canada.</marc:subfield>
    </marc:datafield>
    <marc:datafield tag="245" ind1="1" ind2="4">
      <marc:subfield code="a">The harmonization of federal legislation with the Civil Law of the Province of Quebec and Canadian bijuralism </marc:subfield>
    </marc:datafield>
    <marc:datafield tag="250" ind1=" " ind2=" ">
      <marc:subfield code="a">2nd publication.</marc:subfield>
    </marc:datafield>
    <marc:datafield tag="260" ind1=" " ind2=" ">
      <marc:subfield code="a">Ottawa - Ontario : </marc:subfield>
      <marc:subfield code="b">Justice Canada </marc:subfield>
      <marc:subfield code="c">2001.</marc:subfield>
    </marc:datafield>
    <marc:datafield tag="300" ind1=" " ind2=" ">
      <marc:subfield code="a">9 booklets. ; </marc:subfield>
      <marc:subfield code="c">28 cm. + </marc:subfield>
      <marc:subfield code="e">a CD-ROM that contains PDF of the 9 documents.</marc:subfield>
    </marc:datafield>
    <marc:datafield tag="500" ind1=" " ind2=" ">
      <marc:subfield code="a">"The first collection published by the Civil Code Section consisted solely of studies on the harmonization of federal legislation and other aspects of Canadian bijuralism written by law professors and other legal experts for the Civil Code Section...this second collection, which, contains articles primarily by both jurists of the Civil Code Section, ... and contributors from other sections within the Department... reflects the decompartmentalizing of our understanding of bijuralism and its extension beyond the sole task of representing the concepts and notions of the two legal systems in federal legislation and regulations."--Page vi and vii. Published on the occasion of the Conference of the Barreau du Québec in May 2001. Contents: Bijuralism and harmonization: genesis.--Some thoughts on bijuralism in Canada and the world.--The Supreme Court of Canada and its impact on the expression of bijuralism.--Bijuralism in Canada: harmonization methodology and terminology.--Portrait of a legal harmonization.--S-4: a first harmonization bill; Clause 8 of Bill S-4: amending the Interpretation Act.--The harmonization of federal tax legislation.--Harmonization of federal legislation with Quebec Civil Law: some examples from the Bankruptcy and Insolvency Act; The creation by the federal parliament of security mechanisms in the Bankruptcy and Insolvency Act.--Bill S-4: a first act to harmonize federal law with the Civil Law of the Province of Quebec and to amend certain acts in order to ensure that each language version takes into account the Common Law and Civil Law.</marc:subfield>
    </marc:datafield>
    <marc:datafield tag="520" ind1="3" ind2=" ">
      <marc:subfield code="a">The first collection published by the Civil Code Section consisted solely of studies on the harmonization of federal legislation and other aspects of Canadian bijuralism written by law professors and other legal experts for the Civil Code Section...this second collection, which, contains articles primarily by both jurists of the Civil Code Section, ... and contributors from other sections within the Department... reflects the decompartmentalizing of our understanding of bijuralism and its extension beyond the sole task of representing the concepts and notions of the two legal systems in federal legislation and regulations.--Page vi and vii</marc:subfield>
    </marc:datafield>
    <marc:datafield tag="546" ind1=" " ind2=" ">
      <marc:subfield code="a">Bilingual</marc:subfield>
    </marc:datafield>
    <marc:datafield tag="563" ind1=" " ind2=" ">
      <marc:subfield code="a">Kit</marc:subfield>
    </marc:datafield>
    <marc:datafield tag="590" ind1=" " ind2=" ">
      <marc:subfield code="a">01-23</marc:subfield>
      <marc:subfield code="b">2001-06-08</marc:subfield>
    </marc:datafield>
    <marc:datafield tag="690" ind1="0" ind2="7">
      <marc:subfield code="a">Civil law</marc:subfield>
      <marc:subfield code="2">gcpds</marc:subfield>
    </marc:datafield>
    <marc:datafield tag="690" ind1="0" ind2="7">
      <marc:subfield code="a">Constitutional law</marc:subfield>
      <marc:subfield code="2">gcpds</marc:subfield>
    </marc:datafield>
    <marc:datafield tag="690" ind1="0" ind2="7">
      <marc:subfield code="a">Legislation</marc:subfield>
      <marc:subfield code="2">gcpds</marc:subfield>
    </marc:datafield>
    <marc:datafield tag="690" ind1="0" ind2="7">
      <marc:subfield code="a">Justice system</marc:subfield>
      <marc:subfield code="2">gcpds</marc:subfield>
    </marc:datafield>
    <marc:datafield tag="776" ind1="0" ind2="#">
      <marc:subfield code="t">L'harmonisation de la législation fédérale avec le droit civil de la province de Québec et le bijuridisme canadien </marc:subfield>
      <marc:subfield code="w">(CaOODSP)9.642424</marc:subfield>
    </marc:datafield>
    <marc:datafield tag="776" ind1="0" ind2="#">
      <marc:subfield code="t">The harmonization of federal legislation with the civil law of the Province of Quebec and Canadian bijuralism </marc:subfield>
      <marc:subfield code="w">(CaOODSP)9.698416</marc:subfield>
    </marc:datafield>
    <marc:datafield tag="792" ind1=" " ind2=" ">
      <marc:subfield code="t">L'harmonisation de la législation fédérale avec le droit civil de laprovince de Québec et le bijuridisme canadien </marc:subfield>
      <marc:subfield code="e">fre</marc:subfield>
      <marc:subfield code="w">(CaOODSP)9.662944</marc:subfield>
    </marc:datafield>
  </marc:record>
</marc:collection>
